000 00654nam a2200289Ia 4500
005 20260324142512.0
008 008 260324s9999 xx 000 0 eng d
020 _a9781003061496
037 _aEBOOK
040 _aCRL
040 _beng
040 _cCRL
041 _2eng
041 _aeng
084 _qCRL
100 _aBertolt Brecht
_91118906
245 0 _aBertolt Brecht
245 0 _bJournals 1934 - 1955
260 _bTaylor and Francis
260 _c1994
365 _a
365 _b165
856 _uhttp://www.taylorfrancis.com/books/9781003061496
942 _cEBOOK
999 _c1816446
_d1816446